=LDR 00000nam 2200000 4500 =001 INLIS000000000029628 =005 20130612131839 =008 ***********************************Ind** =035 ##$$0010-061300000029628 =041 ##$$a Ind =082 ##$$a 658.314 =090 ##$$a 658.314, Fau b =100 ##$$a Fauzi, Dodi Ahmad =245 ##$$a Bila anak bush anda loyo, Dodi Ahmad Fauzi, S.Sos =260 ##$$a 2006 $b Jakarta =300 ##$$a 110 hlm, 21 cm =650 ##$$a Managemen =850 ##$$a NBPNMAT